[Event "Oberliga Sued W 1112"]
[Site "Germany"]
[Date "2012.04.15"]
[Round "9"]
[White "Kotlyar, Dimitri"]
[Black "Krivonosov, Oleg"]
[Result "0-1"]
[WhiteElo "2226"]
[BlackElo "2448"]
[PlyCount "90"]
[EventDate "2011.09.25"]
[EventType "team-tourn"]
[EventRounds "9"]
[EventCountry "GER"]
[SourceTitle "EXT 2013"]
[Source "ChessBase"]
[SourceDate "2012.11.22"]
[SourceVersion "1"]
[SourceVersionDate "2012.11.22"]
[SourceQuality "1"]
[WhiteTeam "Frankenthal"]
[BlackTeam "Schott Mainz II"]
[WhiteTeamCountry "GER"]
[BlackTeamCountry "GER"]

1. e4 e5 2. Nf3 Nc6 3. d4 exd4 4. Nxd4 Bc5 5. Be3 Qf6 6. c3 Nge7 7. Bc4 0-0 8. 0-0 Bb6 9. Nc2 Qg6 10. Nd2 Ne5 11. Be2 d5 12. Bxb6 Qxb6 13. exd5 Nxd5 14. Nc4 Nxc4 15. Bxc4 Nf6 16. Qf3 Bg4 17. Qg3 Rad8 18. Ne3 Bh5 19. Nf5 Bg6 20. Ne7+ Kh8 21. Nxg6+ fxg6 22. Rad1 Rxd1 23. Rxd1 Qxb2 24. Qxc7 Qxc3 25. Qe7 Re8 26. Rd8 Qxc4 27. Rxe8+ Nxe8 28. Qxe8+ Qg8 29. Qa4 a6 30. g3 h6 31. h4 Qd5 32. Qc2 Kh7 33. Kf1 b5 34. Ke2 a5 35. Ke3 Qe5+ 36. Kd2 Qd4+ 37. Kc1 h5 38. Kb1 Qe5 39. Qd2 b4 40. Kc2 Qb5 41. Qe3 Qc4+ 42. Kb1 a4 43. Kb2 Qd5 44. Kb1 Qd1+ 45. Kb2 a3+ 0-1

[Event "Oberliga Sued W 1011"]
[Site "Germany"]
[Date "2011.02.06"]
[Round "6.6"]
[White "Kotlyar, Dimitri"]
[Black "Enzmann, Steffen"]
[Result "1-0"]
[WhiteElo "2121"]
[BlackElo "2069"]
[PlyCount "81"]
[EventDate "2010.10.10"]
[EventType "team-tourn"]
[EventRounds "9"]
[EventCountry "GER"]
[SourceTitle "EXT 2012"]
[Source "ChessBase"]
[SourceDate "2011.11.24"]
[SourceVersion "1"]
[SourceVersionDate "2011.11.24"]
[SourceQuality "1"]
[WhiteTeam "Frankenthal"]
[BlackTeam "Heidesheim"]
[WhiteTeamCountry "GER"]
[BlackTeamCountry "GER"]

1. e4 c5 2. Nf3 Nc6 3. d4 cxd4 4. Nxd4 Nf6 5. Nc3 d6 6. Bb5 Bd7 7. 0-0 g6 8. a4 Bg7 9. Nb3 0-0 10. f4 Rc8 11. a5 Nb4 12. Be2 Bc6 13. Bf3 Nd7 14. Be3 a6 15. Qd2 Bb5 16. Nxb5 Nxc2 17. Nc3 Nxa1 18. Rxa1 Bxc3 19. bxc3 Qc7 20. Rc1 b6 21. c4 bxa5 22. Nxa5 Rb8 23. e5 Nc5 24. exd6 exd6 25. Rd1 Rfe8 26. Bd4 Ne4 27. Qd3 f5 28. Nb3 Nc5 29. Nxc5 dxc5 30. Bd5+ Kf8 31. Be5 Rxe5 32. fxe5 Qxe5 33. Bf3 Kg7 34. Qd5 Qe3+ 35. Kh1 a5 36. h3 a4 37. Qd7+ Kh6 38. Qxa4 Rb2 39. Qa8 Rf2 40. Qf8+ Kg5 41. Qd8+ 1-0

[Event "Oberliga Sued W 0809"]
[Site "Germany"]
[Date "2009.02.01"]
[Round "6.4"]
[White "Mueller, Reinhold"]
[Black "Kotlyar, Dimitri"]
[Result "1-0"]
[WhiteElo "2229"]
[BlackElo "2206"]
[PlyCount "63"]
[EventDate "2008.10.05"]
[EventType "team-tourn"]
[EventRounds "11"]
[EventCountry "GER"]
[SourceTitle "EXT 2012"]
[Source "ChessBase"]
[SourceDate "2011.11.24"]
[SourceVersion "1"]
[SourceVersionDate "2011.11.24"]
[SourceQuality "1"]
[WhiteTeam "Saarbruecken SVG"]
[BlackTeam "Frankenthal"]
[WhiteTeamCountry "GER"]
[BlackTeamCountry "GER"]

1. d4 Nf6 2. c4 e6 3. Nf3 c5 4. d5 exd5 5. cxd5 b5 6. a4 Bb7 7. e3 Nxd5 8. Bxb5 Nc7 9. 0-0 Nxb5 10. axb5 d5 11. e4 d4 12. Na3 Be7 13. Qd3 a6 14. Bf4 0-0 15. Rfc1 Nd7 16. Ne5 Nxe5 17. Bxe5 f5 18. exf5 Qd5 19. Qg3 Bf6 20. Re1 axb5 21. Bxf6 Rxf6 22. Nxb5 Rxa1 23. Rxa1 Rxf5 24. h4 Rf6 25. Ra7 Rf8 26. Nd6 Rb8 27. Nf5 Qxg2+ 28. Qxg2 Bxg2 29. Rxg7+ Kf8 30. Kxg2 d3 31. Rc7 d2 32. Ne3 1-0

[Event "Oberliga Sued W 0708"]
[Site "Germany"]
[Date "2007.12.09"]
[Round "4.3"]
[White "Johann, Stefan"]
[Black "Kotlyar, Dimitri"]
[Result "1/2-1/2"]
[WhiteElo "2225"]
[BlackElo "2223"]
[PlyCount "120"]
[EventDate "2007.10.21"]
[EventType "team-tourn"]
[EventRounds "9"]
[EventCountry "GER"]
[SourceTitle "EXT 2009"]
[Source "ChessBase"]
[SourceDate "2008.11.26"]
[SourceVersion "1"]
[SourceVersionDate "2008.11.26"]
[SourceQuality "1"]
[WhiteTeam "Ludwigshafen"]
[BlackTeam "Frankenthal"]
[WhiteTeamCountry "GER"]
[BlackTeamCountry "GER"]

1. d4 Nf6 2. c4 c5 3. e3 g6 4. Nc3 Bg7 5. Nf3 0-0 6. Be2 cxd4 7. exd4 d5 8. 0-0 Nbd7 9. c5 a5 10. Re1 Qc7 11. Bb5 e6 12. Bg5 Nb8 13. Qd2 Bd7 14. Qf4 Qxf4 15. Bxf4 Bxb5 16. Nxb5 Ne4 17. Ne5 g5 18. f3 Nxc5 19. Bxg5 Ncd7 20. Be7 Rc8 21. Rac1 Nb6 22. Nc7 Ra7 23. Bc5 Bh6 24. Rcd1 N8d7 25. Nxd7 Nxd7 26. Bxa7 Rxc7 27. Bc5 Nxc5 28. dxc5 Rxc5 29. Re2 Kf8 30. Rd4 e5 31. Rxe5 Bg7 32. Rdxd5 Rc1+ 33. Kf2 Bxe5 34. Rxe5 Rc2+ 35. Re2 Rc5 36. f4 Kg7 37. Kf3 Kf6 38. Re3 a4 39. Rc3 Rb5 40. b3 axb3 41. Rxb3 Ra5 42. a3 h5 43. h3 Ra4 44. Kg3 Kg6 45. Rf3 Kf5 46. Kh4 Kg6 47. Kg3 Kf5 48. Rc3 Kg6 49. Rb3 Kf6 50. Rb6+ Kg7 51. Rxb7 Rxa3+ 52. Kh4 Ra5 53. Re7 Kg6 54. Re5 Rxe5 55. fxe5 Kh6 56. g4 hxg4 57. Kxg4 Kg6 58. h4 f6 59. h5+ Kf7 60. h6 fxe5 1/2-1/2

[Event "Stuttgart-chA int"]
[Site "Ditzingen"]
[Date "2006.05.28"]
[Round "7"]
[White "Doll, Michael"]
[Black "Kotlyar, Dimitri"]
[Result "1/2-1/2"]
[WhiteElo "2170"]
[BlackElo "2270"]
[PlyCount "77"]
[EventDate "2006.05.25"]
[EventType "swiss"]
[EventRounds "7"]
[EventCountry "GER"]
[SourceTitle "EXT 2018"]
[Source "ChessBase"]
[SourceDate "2017.10.13"]
[SourceVersion "1"]
[SourceVersionDate "2017.10.13"]
[SourceQuality "1"]

1. d4 Nf6 2. Bg5 e6 3. e4 h6 4. Bxf6 Qxf6 5. Nc3 d6 6. Qd2 c6 7. 0-0-0 e5 8. dxe5 dxe5 9. Bc4 Be7 10. Nge2 Qxf2 11. Kb1 Qc5 12. Bb3 Nd7 13. Rdf1 0-0 14. Ng3 Bg5 15. Qd1 Qd4 16. Qf3 Nf6 17. Nf5 Bxf5 18. Qxf5 Rad8 19. Rf3 Qd7 20. Qxe5 Rfe8 21. Qa5 b6 22. Qa6 Rxe4 23. Rd3 Rd4 24. Rxd4 Qxd4 25. Qxa7 Nd5 26. Bxd5 cxd5 27. Qa4 Qf2 28. Qg4 Bf6 29. Qe2 Qc5 30. Qd3 Qb4 31. a3 Qd6 32. h3 Qe5 33. Qe2 Qg5 34. Rd1 Bxc3 35. bxc3 Qf6 36. Rd4 Qc6 37. Kb2 Re8 38. Qd3 Re5 39. c4 1/2-1/2

[Event "Stuttgart-chA int"]
[Site "Ditzingen"]
[Date "2006.05.25"]
[Round "1"]
[White "Kotlyar, Dimitri"]
[Black "Braun, Joachim"]
[Result "1/2-1/2"]
[WhiteElo "2270"]
[BlackElo "1993"]
[PlyCount "99"]
[EventDate "2006.05.25"]
[EventType "swiss"]
[EventRounds "7"]
[EventCountry "GER"]
[SourceTitle "EXT 2018"]
[Source "ChessBase"]
[SourceDate "2017.10.13"]
[SourceVersion "1"]
[SourceVersionDate "2017.10.13"]
[SourceQuality "1"]

1. e4 e5 2. Nf3 Nf6 3. Nxe5 d6 4. Nf3 Nxe4 5. d4 d5 6. Bd3 Nc6 7. 0-0 Be7 8. c4 Nb4 9. Be2 0-0 10. Nc3 Bf5 11. Bf4 Rc8 12. Qb3 Nxc3 13. bxc3 Bc2 14. Qb2 Nd3 15. Qxc2 Nxf4 16. Rfe1 Nxe2+ 17. Rxe2 Bf6 18. Qb3 dxc4 19. Qxb7 c5 20. Qxa7 cxd4 21. cxd4 Qd5 22. Qa4 Rfd8 23. Rae1 h6 24. Re8+ Rxe8 25. Rxe8+ Rxe8 26. Qxe8+ Kh7 27. Qe3 Qa5 28. Qe4+ g6 29. Qc2 c3 30. Qb3 Qc7 31. Qc2 Qc4 32. h3 Qb4 33. a4 Qb2 34. Qxb2 cxb2 35. Nd2 Bxd4 36. Kf1 Kg7 37. Ke2 Kf6 38. f3 Ke6 39. Kd3 Kd5 40. a5 Bc5 41. Kc3 Bd4+ 42. Kc2 Kc6 43. Nc4 Kb5 44. Nxb2 Kxa5 45. Nc4+ Kb4 46. Nd6 f5 47. Kd3 Bg7 48. Nb7 Bf6 49. Nd6 Kc5 50. Nc4 1/2-1/2

[Event "Graz op"]
[Site "Graz"]
[Date "2005.09.08"]
[Round "6"]
[White "Kainrath, Florian"]
[Black "Kotlyar, Dimitri"]
[Result "0-1"]
[WhiteElo "2084"]
[BlackElo "2269"]
[PlyCount "78"]
[EventDate "2005.09.03"]
[EventType "swiss"]
[EventRounds "9"]
[EventCountry "AUT"]
[SourceTitle "EXT 2007"]
[Source "ChessBase"]
[SourceDate "2006.11.23"]
[SourceVersion "1"]
[SourceVersionDate "2006.11.23"]
[SourceQuality "1"]

1. e4 e6 2. d4 d5 3. Nd2 Be7 4. Bd3 c5 5. exd5 exd5 6. dxc5 Nf6 7. Ngf3 0-0 8. 0-0 Bg4 9. c3 a5 10. b4 Na6 11. Rb1 axb4 12. cxb4 b6 13. Qe2 Nc7 14. cxb6 Ne6 15. a3 Qxb6 16. Nb3 Qb8 17. h3 Bh5 18. Qe3 Bd6 19. Nfd4 Bf4 20. Qe1 Re8 21. Nxe6 Bh2+ 22. Kh1 Rxe6 23. Qd2 Bd6 24. Nd4 Ne4 25. Bxe4 Rxe4 26. Nf5 Bf8 27. Bb2 Bg6 28. Qxd5 Qe8 29. Rbd1 Ra6 30. Ng3 Ree6 31. Qd4 Qb5 32. Qd8 h5 33. Qd7 Qg5 34. Kg1 h4 35. Nh1 Bf5 36. Rd3 Bxd3 37. Qxd3 Rad6 38. Qc3 Rg6 39. Qf3 Rd3 0-1

[Event "Stuttgart-chA int"]
[Site "Ditzingen"]
[Date "2005.05.07"]
[Round "6"]
[White "Kotlyar, Dimitri"]
[Black "Kues, Jarl Hendrik"]
[Result "0-1"]
[WhiteElo "2295"]
[BlackElo "2198"]
[PlyCount "64"]
[EventDate "2005.05.05"]
[EventType "swiss"]
[EventRounds "7"]
[EventCountry "GER"]
[SourceTitle "EXT 2018"]
[Source "ChessBase"]
[SourceDate "2017.10.13"]
[SourceVersion "1"]
[SourceVersionDate "2017.10.13"]
[SourceQuality "1"]

1. e4 c5 2. Nf3 Nc6 3. d4 cxd4 4. Nxd4 g6 5. Nc3 Bg7 6. Be3 Nf6 7. Bc4 0-0 8. Bb3 a5 9. a4 Ng4 10. Qxg4 Nxd4 11. Qh4 Nxb3 12. cxb3 Bf6 13. Bg5 Bxg5 14. Qxg5 Ra6 15. 0-0 Re6 16. Rfe1 d6 17. Rad1 Re5 18. Qg3 Be6 19. Nb5 Qb6 20. Nd4 Rc8 21. Kh1 Bd7 22. f4 Rec5 23. f5 Qd8 24. e5 Rxe5 25. Rxe5 dxe5 26. Nf3 Qe8 27. fxg6 hxg6 28. Nxe5 Bc6 29. Qd3 Kg7 30. h3 f6 31. Nc4 Qh8 32. Nxa5 Rd8 0-1

[Event "Stuttgart-chA int"]
[Site "Ditzingen"]
[Date "2005.05.05"]
[Round "1"]
[White "Bissbort, Julian"]
[Black "Kotlyar, Dimitri"]
[Result "1-0"]
[WhiteElo "2038"]
[BlackElo "2295"]
[PlyCount "79"]
[EventDate "2005.05.05"]
[EventType "swiss"]
[EventRounds "7"]
[EventCountry "GER"]
[SourceTitle "EXT 2018"]
[Source "ChessBase"]
[SourceDate "2017.10.13"]
[SourceVersion "1"]
[SourceVersionDate "2017.10.13"]
[SourceQuality "1"]

1. e4 e6 2. d4 d5 3. exd5 exd5 4. Nf3 Bg4 5. Bd3 Nc6 6. c3 Bd6 7. 0-0 Nge7 8. Nbd2 Qd7 9. Re1 0-0-0 10. b4 Ng6 11. b5 Nce7 12. Qa4 Kb8 13. Ne5 Nxe5 14. dxe5 Bc5 15. Nb3 Bb6 16. Qb4 Bf5 17. Bf1 Rc8 18. a4 c5 19. Qf4 Qe6 20. a5 Ng6 21. Qg3 Bd8 22. Ba3 b6 23. Bb2 Bc2 24. c4 Qf5 25. axb6 Bxb6 26. cxd5 Bxb3 27. Qxb3 c4 28. Qg3 c3 29. Bc1 Rhe8 30. e6+ Kb7 31. Bd3 Qf6 32. Be4 Rc4 33. d6+ Rxe4 34. Rxe4 fxe6 35. d7 Rf8 36. Be3 c2 37. Rc1 Qb2 38. Rc4 Qxc1+ 39. Bxc1 Bxf2+ 40. Qxf2 1-0

[Event "Stuttgart-chA int"]
[Site "Ditzingen"]
[Date "2005.05.05"]
[Round "2"]
[White "Kotlyar, Dimitri"]
[Black "Soeroes, Martin Wolfgang"]
[Result "1-0"]
[WhiteElo "2295"]
[BlackElo "1966"]
[PlyCount "77"]
[EventDate "2005.05.05"]
[EventType "swiss"]
[EventRounds "7"]
[EventCountry "GER"]
[SourceTitle "EXT 2018"]
[Source "ChessBase"]
[SourceDate "2017.10.13"]
[SourceVersion "1"]
[SourceVersionDate "2017.10.13"]
[SourceQuality "1"]

1. e4 Nc6 2. d4 d5 3. e5 f6 4. Bd3 Be6 5. f4 Qd7 6. c3 0-0-0 7. Ne2 h5 8. 0-0 Nh6 9. b4 Bf5 10. Bb5 h4 11. Ba4 h3 12. g3 Bxb1 13. Rxb1 Qf5 14. Bc2 Qh5 15. Bd3 e6 16. Qa4 Kb8 17. b5 Ne7 18. Bd2 Nhf5 19. Rbc1 Qg4 20. Kh1 Nh4 21. Ng1 Nef5 22. Be1 Ng2 23. Be2 Qg6 24. Bf2 Nfe3 25. Bxe3 Nxe3 26. Rf2 Qe4+ 27. Bf3 Ng4 28. Rd2 Qf5 29. c4 g5 30. fxg5 fxe5 31. cxd5 Qxg5 32. Qc2 Bh6 33. Qxc7+ Ka8 34. dxe6 Rb8 35. Rcc2 exd4 36. Rxd4 Ne3 37. Ra4 Qxb5 38. Rb2 Ng4 39. Ne2 1-0

[Event "Schwarzach op-A 19th"]
[Site "Salzburg"]
[Date "2004.08.27"]
[Round "7"]
[White "Kekelidze, Mikheil"]
[Black "Kotlyar, Dimitri"]
[Result "1-0"]
[WhiteElo "2484"]
[BlackElo "2298"]
[PlyCount "77"]
[EventDate "2004.08.21"]
[EventType "swiss"]
[EventRounds "9"]
[EventCountry "AUT"]
[SourceTitle "CBM 102 Extra"]
[Source "ChessBase"]
[SourceDate "2004.11.03"]
[SourceVersion "1"]
[SourceVersionDate "2004.11.03"]
[SourceQuality "1"]

1. e4 e6 2. d4 d5 3. Nc3 Nf6 4. Bg5 Bb4 5. exd5 Qxd5 6. Bxf6 gxf6 7. Nge2 c5 8. Qd2 Qg5 9. f4 Qh4+ 10. g3 Qh5 11. a3 Ba5 12. Bg2 cxd4 13. Qxd4 Nc6 14. Qxf6 0-0 15. 0-0-0 Bd8 16. Rxd8 Nxd8 17. g4 Qg6 18. Qh4 f6 19. Be4 Qf7 20. Rg1 Kh8 21. g5 f5 22. g6 Qg7 23. gxh7 Qxh7 24. Qg5 e5 25. Bd5 Be6 26. fxe5 Bxd5 27. Nf4 Ne6 28. Ng6+ Kg8 29. Nxf8+ Nxg5 30. Nxh7 Kxh7 31. Nxd5 Nf3 32. Rf1 Nxe5 33. Rxf5 Ng4 34. Rf7+ Kg6 35. Rxb7 Nxh2 36. Nc7 Rf8 37. Rxa7 Rf2 38. b4 Nf3 39. Nb5 1-0

[Event "Schwarzach op-A 19th"]
[Site "Salzburg"]
[Date "2004.08.24"]
[Round "4"]
[White "Williams, Simon Kim"]
[Black "Kotlyar, Dimitri"]
[Result "1/2-1/2"]
[WhiteElo "2427"]
[BlackElo "2298"]
[PlyCount "82"]
[EventDate "2004.08.21"]
[EventType "swiss"]
[EventRounds "9"]
[EventCountry "AUT"]
[SourceTitle "CBM 102 Extra"]
[Source "ChessBase"]
[SourceDate "2004.11.03"]
[SourceVersion "1"]
[SourceVersionDate "2004.11.03"]
[SourceQuality "1"]

1. c4 g6 2. Nc3 Bg7 3. d4 c5 4. d5 d6 5. e4 e6 6. dxe6 fxe6 7. Nb5 Bf8 8. e5 dxe5 9. Qxd8+ Kxd8 10. Bg5+ Be7 11. 0-0-0+ Nd7 12. Nf3 e4 13. Bxe7+ Kxe7 14. Ng5 Ndf6 15. Nd6 Nh6 16. Ngxe4 Nxe4 17. Nxe4 b6 18. Bd3 Bb7 19. Ng5 Rad8 20. Rhe1 Rd6 21. Be4 Rxd1+ 22. Kxd1 Rd8+ 23. Kc1 Bxe4 24. Rxe4 Rd4 25. Rxd4 cxd4 26. Nf3 Ng4 27. Nxd4 Nxf2 28. Nc6+ Kd7 29. Nxa7 Ng4 30. Kd2 Nxh2 31. b4 Ng4 32. a4 h5 33. Kd3 h4 34. c5 bxc5 35. bxc5 Ne5+ 36. Ke4 Nc6 37. Nb5 g5 38. Nc3 g4 39. Kf4 h3 40. gxh3 gxh3 41. Kg3 Na5 1/2-1/2

[Event "Stuttgart-chA"]
[Site "Stuttgart"]
[Date "2004.??.??"]
[Round "?"]
[White "Plenca, Julian"]
[Black "Kotlyar, Dimitri"]
[Result "0-1"]
[WhiteElo "2055"]
[BlackElo "2210"]
[PlyCount "60"]
[EventDate "2004.05.20"]
[EventType "swiss"]
[EventRounds "7"]
[EventCountry "GER"]
[SourceTitle "EXT 2007"]
[Source "ChessBase"]
[SourceDate "2006.11.23"]
[SourceVersion "1"]
[SourceVersionDate "2006.11.23"]
[SourceQuality "1"]

1. e4 e6 2. d4 d5 3. Nd2 c5 4. Ngf3 Nf6 5. e5 Nfd7 6. Nb3 Nc6 7. Bf4 cxd4 8. Nbxd4 Bc5 9. Nb3 Bb6 10. c4 Nc5 11. Nbd4 0-0 12. Nxc6 bxc6 13. b4 Nd7 14. Bd3 f6 15. Qc2 h6 16. Nh4 f5 17. Ng6 Rf7 18. cxd5 cxd5 19. Qc6 Nb8 20. Qc2 Kh7 21. g4 Kxg6 22. Rg1 Kh7 23. Rc1 Bd7 24. gxf5 exf5 25. Qe2 Qh4 26. Rg4 Qe7 27. Kf1 Nc6 28. Rxc6 Bxc6 29. e6 Rff8 30. Qe5 Bb5 0-1

[Event "Oberliga Sued W 0304"]
[Site "Germany"]
[Date "2003.11.23"]
[Round "3.3"]
[White "Kotlyar, Dimitri"]
[Black "Moeldner, Juergen"]
[Result "1-0"]
[WhiteElo "2201"]
[BlackElo "2273"]
[PlyCount "87"]
[EventDate "2003.10.12"]
[EventType "team-tourn"]
[EventRounds "9"]
[EventCountry "GER"]
[SourceTitle "EXT 2006"]
[Source "ChessBase"]
[SourceDate "2005.11.24"]
[SourceVersion "1"]
[SourceVersionDate "2005.11.24"]
[SourceQuality "1"]
[WhiteTeam "Frankenthal"]
[BlackTeam "Landau"]
[WhiteTeamCountry "GER"]
[BlackTeamCountry "GER"]

1. e4 e5 2. Nf3 Nf6 3. Nxe5 d6 4. Nf3 Nxe4 5. d4 d5 6. Bd3 Bd6 7. 0-0 0-0 8. c4 c6 9. cxd5 cxd5 10. Nc3 Nxc3 11. bxc3 Bg4 12. Rb1 Nd7 13. h3 Bh5 14. Rb5 Nb6 15. c4 Bxf3 16. Qxf3 dxc4 17. Bc2 Qd7 18. a4 g6 19. Bd2 c3 20. Bxc3 Rac8 21. Be4 Nxa4 22. Rxb7 Rc7 23. Ba1 Nb6 24. Rxc7 Qxc7 25. h4 Qe7 26. g3 Nc4 27. Rd1 Bb4 28. Bd3 Nd2 29. Qf4 Rd8 30. Kh2 Nb3 31. Bb2 Bd6 32. Qg4 h5 33. Qf3 Bb4 34. d5 Qd6 35. Bxg6 fxg6 36. Qxb3 Rf8 37. Kg2 Bc5 38. Rd2 Kh7 39. Qc3 Rg8 40. Qd3 a5 41. Re2 Rd8 42. Re5 Kg8 43. Rg5 Kf7 44. Qf3+ 1-0

[Event "Dresden ZMD op"]
[Site "Dresden"]
[Date "2003.07.28"]
[Round "4"]
[White "Schoehl, Gerd"]
[Black "Kotlyar, Dimitri"]
[Result "1/2-1/2"]
[WhiteElo "1926"]
[BlackElo "2185"]
[PlyCount "77"]
[EventDate "2003.07.25"]
[EventType "swiss"]
[EventRounds "9"]
[EventCountry "GER"]
[SourceTitle "EXT 2004"]
[Source "ChessBase"]
[SourceDate "2003.11.25"]
[SourceVersion "1"]
[SourceVersionDate "2003.11.25"]
[SourceQuality "1"]

1. Nf3 g6 2. e4 c5 3. d4 cxd4 4. Qxd4 Nf6 5. e5 Nc6 6. Qa4 Nd5 7. Qe4 Nc7 8. b4 d5 9. exd6 Qxd6 10. Bb2 Bf5 11. Qc4 Nxb4 12. Na3 f6 13. Be2 e5 14. Rd1 Qe7 15. 0-0 a6 16. Rfe1 Bg7 17. Nd4 Bc8 18. Bc3 Nbd5 19. Ndb5 axb5 20. Nxb5 Be6 21. Bb4 Qxb4 22. Nxc7+ Kf7 23. Nxe6 Qxc4 24. Bxc4 Kxe6 25. Rxd5 Rhc8 26. Rdxe5+ Kd6 27. Rd5+ Kc7 28. Re7+ Kb6 29. Bb3 Re8 30. Rdd7 Rxe7 31. Rxe7 Bf8 32. Re6+ Kc5 33. Rxf6 b5 34. h4 Be7 35. Rf7 Bxh4 36. Rxh7 Bf6 37. Rh6 Bd4 38. Rxg6 Rf8 39. Rg5+ 1/2-1/2

[Event "Dresden ZMD op"]
[Site "Dresden"]
[Date "2003.07.27"]
[Round "3"]
[White "Kotlyar, Dimitri"]
[Black "Krueger, Roman"]
[Result "1-0"]
[WhiteElo "2185"]
[BlackElo "1842"]
[PlyCount "57"]
[EventDate "2003.07.25"]
[EventType "swiss"]
[EventRounds "9"]
[EventCountry "GER"]
[SourceTitle "EXT 2004"]
[Source "ChessBase"]
[SourceDate "2003.11.25"]
[SourceVersion "1"]
[SourceVersionDate "2003.11.25"]
[SourceQuality "1"]

1. e4 g6 2. d4 Bg7 3. Nc3 d6 4. Be3 Nf6 5. Qd2 Ng4 6. Bf4 a6 7. Nf3 0-0 8. h3 e5 9. Bg5 Nf6 10. dxe5 dxe5 11. Qxd8 Rxd8 12. Nd5 Rxd5 13. exd5 e4 14. Nd2 Nxd5 15. 0-0-0 Bf5 16. g4 h6 17. gxf5 hxg5 18. Nxe4 gxf5 19. Rxd5 fxe4 20. Rd8+ Kh7 21. Bc4 Kg6 22. Bd5 c6 23. Bxe4+ f5 24. Bd3 Bf6 25. Re8 b5 26. Rhe1 c5 27. R1e6 c4 28. Be2 Kg7 29. Bf3 1-0

[Event "Oberliga Wuerttemberg 0203"]
[Site "Wuerttemberg"]
[Date "2003.04.10"]
[Round "8"]
[White "Kotlyar, Dimitri"]
[Black "Stanescu, Christian"]
[Result "1/2-1/2"]
[WhiteElo "2090"]
[BlackElo "2063"]
[PlyCount "101"]
[EventDate "2002.10.13"]
[EventType "team-tourn"]
[EventRounds "9"]
[EventCountry "GER"]
[SourceTitle "EXT 2019"]
[Source "ChessBase"]
[SourceDate "2018.10.10"]
[SourceVersion "1"]
[SourceVersionDate "2018.10.10"]
[SourceQuality "1"]
[WhiteTeam "Sindelfingen"]
[BlackTeam "Ditzingen"]
[WhiteTeamCountry "GER"]
[BlackTeamCountry "GER"]

1. e4 c5 2. Nf3 d6 3. d4 cxd4 4. Nxd4 Nf6 5. Nc3 a6 6. Be2 e5 7. Nf3 Be7 8. a4 h6 9. h3 Be6 10. Be3 Nbd7 11. 0-0 0-0 12. Nd2 d5 13. exd5 Nxd5 14. Nxd5 Bxd5 15. Nc4 Be6 16. a5 Qc7 17. b3 Rad8 18. Qe1 f5 19. f4 e4 20. Qf2 Bf6 21. Rad1 Kh8 22. Qe1 Nc5 23. Qb4 Be7 24. Ne5 Kh7 25. Qc3 Rc8 26. Bc4 Bxc4 27. Qxc4 Rf6 28. Rf2 Qxa5 29. b4 Qa3 30. Bxc5 Bxc5 31. bxc5 Rxc5 32. Qb3 Qxb3 33. cxb3 Rc3 34. Rb2 Rb6 35. b4 Rb5 36. Nf7 g6 37. Rd7 Rb6 38. Nd6+ Kg8 39. Nxb7 g5 40. fxg5 hxg5 41. Ra2 g4 42. hxg4 fxg4 43. Nc5 g3 44. Rd1 Rxb4 45. Nxa6 Rd4 46. Re1 e3 47. Ra5 e2 48. Re5 Rd2 49. Nb4 Kg7 50. Nd5 Rd1 51. R5xe2 1/2-1/2

[Event "Oberliga Wuerttemberg 0203"]
[Site "Wuerttemberg"]
[Date "2002.11.10"]
[Round "2"]
[White "Kotlyar, Dimitri"]
[Black "Meschke, Andreas"]
[Result "1/2-1/2"]
[WhiteElo "2090"]
[BlackElo "2136"]
[PlyCount "101"]
[EventDate "2002.10.13"]
[EventType "team-tourn"]
[EventRounds "9"]
[EventCountry "GER"]
[SourceTitle "EXT 2019"]
[Source "ChessBase"]
[SourceDate "2018.10.10"]
[SourceVersion "1"]
[SourceVersionDate "2018.10.10"]
[SourceQuality "1"]
[WhiteTeam "Sindelfingen"]
[BlackTeam "Marbach"]
[WhiteTeamCountry "GER"]
[BlackTeamCountry "GER"]

1. e4 e5 2. Nf3 Nc6 3. d4 exd4 4. Nxd4 Bc5 5. Be3 Qf6 6. c3 Nge7 7. Bc4 Ne5 8. Be2 Qg6 9. 0-0 0-0 10. Nd2 d5 11. Bh5 Qd6 12. f4 N5c6 13. e5 Qh6 14. Qe2 Bxd4 15. Bxd4 Nxd4 16. cxd4 Nf5 17. Nb3 a5 18. Bg4 a4 19. Bxf5 Bxf5 20. Nd2 Qb6 21. Nf3 Ra5 22. Rad1 Rb5 23. Rd2 Rb4 24. Qf2 Re8 25. h3 Bd7 26. Kh2 Bb5 27. Rg1 Bc4 28. g4 Bxa2 29. g5 Bc4 30. f5 Rb3 31. Ne1 a3 32. bxa3 Rxa3 33. Qh4 Qb4 34. Rdg2 Bd3 35. Nxd3 Rxd3 36. g6 fxg6 37. Rg4 Ra8 38. Rf1 Qb2+ 39. Rg2 Qxd4 40. Qe7 Re3 41. fxg6 Qxe5+ 42. Qxe5 Rxe5 43. gxh7+ Kxh7 44. Rf7 Rg8 45. Rxc7 b5 46. Rb7 d4 47. Rd7 Re4 48. Rd5 Rb8 49. Rd7 Rg8 50. Rd5 Rb8 51. Rd7 1/2-1/2

[Event "Dresden ZMD op"]
[Site "Dresden"]
[Date "2002.??.??"]
[Round "7"]
[White "Kotlyar, Dimitri"]
[Black "Dittmar, Peter"]
[Result "1/2-1/2"]
[WhiteElo "2200"]
[BlackElo "2345"]
[PlyCount "96"]
[EventDate "2002.07.18"]
[EventType "swiss"]
[EventRounds "9"]
[EventCountry "GER"]
[SourceTitle "EXT 2003"]
[Source "ChessBase"]
[SourceDate "2002.11.25"]
[SourceVersion "1"]
[SourceVersionDate "2002.11.25"]
[SourceQuality "1"]

1. c4 Nf6 2. g3 c5 3. Bg2 Nc6 4. Nc3 g6 5. e3 Bg7 6. Nge2 a6 7. d4 Rb8 8. 0-0 d6 9. dxc5 dxc5 10. Bxc6+ bxc6 11. Qxd8+ Kxd8 12. b3 Kc7 13. Ba3 Bh3 14. Rfd1 Bg4 15. Rac1 Nd7 16. Kf1 Bh3+ 17. Ke1 Ne5 18. f4 Ng4 19. Ng1 Bg2 20. Rd2 Bh1 21. Bxc5 Rbd8 22. Bd4 e5 23. fxe5 Nxe5 24. Na4 Kc8 25. Ke2 h5 26. h3 Rhe8 27. Rcd1 Bh6 28. Bb6 Rxd2+ 29. Rxd2 f5 30. Kf2 h4 31. gxh4 f4 32. exf4 Bxf4 33. Rd1 Rf8 34. Ke2 Bg3 35. Rf1 Re8 36. Kd2 Bxh4 37. Bd4 Bg2 38. Rd1 Nf3+ 39. Nxf3 Bxf3 40. Rf1 Bg5+ 41. Kc3 Bg2 42. Rf7 Bxh3 43. Nb6+ Kd8 44. Ra7 Bf5 45. Ra8+ Kc7 46. Ra7+ Kb8 47. Nd7+ Kc8 48. Nb6+ Kb8 1/2-1/2